| 000 | 00818nam a2200241 a 4500 | ||
|---|---|---|---|
| 001 | 32513 | ||
| 003 | BD-RjUL | ||
| 005 | 20211209051840.0 | ||
| 008 | 140427s1973 ii 000 0 eng d | ||
| 035 | _a(BD-RjUL)32602 | ||
| 040 |
_aUkOxU _beng _cUkOxU _dBD-RjUL |
||
| 041 | 1 |
_aengara _hara |
|
| 082 | 0 | 4 |
_a297.122521 _bHOL V-1 1973 |
| 245 | 0 | 4 |
_aThe Holy Qur-ān : _bArabic text with an English translation and commentary / _cby 'Abdullāh Yūsuf 'Alī _nVol 1 : _pContaining Introductiory Matter and Suras I to Ix |
| 250 | _a3 vol. ed. | ||
| 260 |
_aDelhi : _bKitab Publishing House, _c1973. |
||
| 300 |
_a468 p. ; _c27 cm |
||
| 650 | 0 |
_aQurʼan -- Criticism, interpretation _998919 |
|
| 700 | 1 |
_aAli, Abdullah Yusuf, _d1872-1952. _982826 |
|
| 730 | 0 | 2 |
_aQurʼan. _998922 |
| 730 | 0 | 2 |
_aQurʼan. _998923 |
| 942 |
_2ddc _cBK |
||
| 999 |
_c32513 _d32513 |
||